000 00891cam a2200253 a 4500
003 CO-ViMGA
005 20230915224327.0
008 040319s2003 sp a r 00110 spa d
020 _a8434224666
040 _aCO-ViMGA
_bspa
_cCO-ViMGA
082 0 4 _aR 574.5
_bT65a
_220 ed.
100 1 _aTola, José.
_9944
245 1 0 _aAtlas básico de ecología /
_ctextos José Tola, Eva Infiesta ; fotografías AGE Fotostock ... [et al.] ; dibujos Archivo Parramón ... [et al.].
260 _aBarcelona :
_bParramón,
_c2003.
300 _a96 p. :
_bil. ;
_c28 cm.
500 _aIncluye índice.
650 1 4 _aAreas de conservación de recursos naturales
_v Atlas.
_9951
650 1 4 _aEcología
_v Atlas.
_9949
650 1 4 _aEcosistemas
_v Atlas.
_9950
700 0 _aArchivo Parramón,
_eil.
_9953
700 1 _aInfiesta, Eva.
_9952
710 0 _aAGE Fotostock,
_efot.
_9954
942 _2ddc
_cBK
999 _c11271
_d11271